| 000 | 00906cam a2200205 4500 | ||
|---|---|---|---|
| 001 | ABS65317 | ||
| 008 | 020508n2002 000 0 eng u | ||
| 035 | _a(Sirsi) u117879 | ||
| 100 | _aSweet, R | ||
| 245 | 4 | _aThe long march | |
| 260 | _c2002 | ||
| 490 |
_aConstruction Manager _v April 2002, 17-19(3) |
||
| 520 | _aAssessment of Chinese construction industry as it develops in China's free-market economy. Consultant managers have to change/evolve to succeed. Reports on growing popularity of CIOB membership and qualification. CIOB has moved quickly to become main supplier of construction management expertise in China, applying various skills in Chinese management model, leading to international standards of competence. | ||
| 590 | _aABS | ||
| 650 | _aCHINA | ||
| 650 | _aCIOB | ||
| 650 | _aCHARTERED INSTITUTE OF BUILDING | ||
| 690 | _aBUILDING AND CONSTRUCTION-MANAGEMENT | ||
| 942 | _n0 | ||
| 999 |
_c70202 _d70202 |
||